00401nam a2200121Ia 4500008004100000100001500041245003300056245005900089260003900148650001800187650001500205856005900220170221s9999 xx 000 0 und d aEmma Short 4aThe Impact of Cyberstalking  cEmma Short, Andrew Guppy, Jacqui A. Hart, James Barnes bStudies in Media and Communication xCommunication xMedia Arts uhttp://redfame.com/journal/index.php/smc/issue/view/45